Les sous titres des stations du métro Parisien - Statistiques

Statistiques générales
  • Ce quiz a été pris 834 fois
    142 depuis la dernière actualisation
  • Le résultat moyen est 10 sur 52
Statistiques - réponses
Station de métro Réponse % Correct
La Défense (1) Grande Arche
75%
Bir Hakeim (6) Tour Eiffel
67%
Saint-Paul (1) Le Marais
57%
Anvers (2) Sacré Coeur
44%
Les Sablons (1) Jardin D'Acclimatation
41%
Porte Maillot (1) Palais des Congrès
36%
Porte de Saint-Cloud (9) Parc des Princes
33%
Champs Elysees - Clemenceau (1 et 13) Grand Palais
28%
Châtelet (7) Pont au Change
28%
Pont Neuf (7) La Monnaie
26%
Porte de Pantin (5) Parc de la Villette
26%
Porte de la Villette (7) Cité des Sciences et de L'Industrie
25%
Porte de Clignancourt (4) Puces de Saint-Ouen
25%
Saint-Denis - Porte de Paris (13) Stade de France
24%
Gare de l'Est (4,5 et 7) Verdun
23%
Solferino (12) Musée d'Orsay
22%
Rambuteau (11) Centre Georges Pompidou
19%
Europe (3) Simone Veil
19%
Porte de Clichy (13) et (14) Tribunal de Paris
19%
Abbesses (12) Butte Montmartre
18%
Ségur (10) UNESCO
17%
Daumesnil (6 et 8) Félix Eboué
16%
Denfert Rochereau (4,6 et RER B) Colonel Rol Tanguy
15%
Gallieni (3) Parc de Bagnolet
15%
Gaité (13) Joséphine Baker
13%
Voltaire (9) Léon Blum
13%
Mairie de Saint-Ouen (13 et 14) Région - île-de-France
13%
Les Courtilles (13) Asnières - Gennevilliers
12%
Les Agnettes (13) Asnières - Gennevilliers
12%
Gabriel Péri (13) Asnières - Gennevilliers
12%
Picpus (6) Courteline
12%
Porte d'Orléans (4) Général Leclerc
12%
Créteil - l'Echat (8) Hôpital Henri Mondor
12%
Créteil - Préfecture (8) Hôtel de Ville
12%
Basilique de Saint-Denis (13) Hôtel de Ville
12%
Nation (9) Place des Antilles
12%
Goncourt (11) Hôpital Saint-Louis
11%
Place Monge (7) Jardin des Plantes - Arènes de Lutèce
10%
Pereire (3) Maréchal Juin
10%
Mairie d'Aubervilliers (12) Plaine des Vertus
10%
Porte de la Chapelle (12) Saint-Denis
10%
Pont Marie (7) Cité des Arts
9%
Boulogne - Pont de Saint-Cloud (10) Rhin et Danube
9%
Porte Dauphine (2) Maréchal de Lattre de Tassigny
8%
Vaugirard (12) Adolphe Chérioux
7%
Front Populaire (12) Aubervilliers - Saint-Denis
7%
Porte de Versailles (12) Parc des Expositions de Paris
6%
Charenton - Ecoles (8) Place Aristide Briand
6%
Rue de la Pompe (9) Avenue Georges Mandel
5%
Croix de Chavaux (9) Place Jacques Duclos
5%
Villejuif - Paul Vaillant Couturier (7) Hôpital Paul Brousse
4%
Bobigny - Pablo Picasso (5) Préfecture - Hôtel du Département
4%
Aucun quiz correspondant
Distribution des résultats
% des personnes avec chaque résultat
Percentile par nombre de réponses
Votre historique - résultats
Vous n’avez pas pris ce quiz depuis la dernière actualisation